Kyi︠e︡vo-Pechersʹkyĭ derz︠h︡avnyĭ istoryko-kulʹturnyĭ zapovidnyk : fotoalʹbom /
| Other Authors: | , , , |
|---|---|
| Format: | Book |
| Language: | Ukrainian English Russian |
| Published: |
Kyïv :
"Mystet︠s︡tvo",
1984.
|
| Subjects: |
MARC
| Tag | First Indicator | Second Indicator | Subfields |
|---|---|---|---|
| LEADER | 00000cam a2200000 a 4500 | ||
| 001 | in00002000328 | ||
| 005 | 20151031124751.0 | ||
| 008 | 861219s1984 un a 000 0 ukro | ||
| 010 | |a 85202986 | ||
| 019 | |a 14581672 | ||
| 020 | |c 8.00rub | ||
| 035 | |a (OCoLC)ocm14926348 | ||
| 040 | |a DLC |c DLC |d OCL |d OCLCQ |d TXA |d UtOrBLW | ||
| 041 | 0 | |a ukr |a eng |a rus | |
| 043 | |a e-un--- | ||
| 049 | |a TXAM | ||
| 050 | 0 | 0 | |a N7823.S65 |b K544 1984 |
| 245 | 0 | 0 | |a Kyi︠e︡vo-Pechersʹkyĭ derz︠h︡avnyĭ istoryko-kulʹturnyĭ zapovidnyk : |b fotoalʹbom / |c [sostavitelʹ I︠U︡riĭ Demʹi︠a︡novich Kibalʹnik ; avtory teksta Sergeĭ Konstantinovich Kilesso and others ; avtory fotografiĭ Konstantinovich Kilesso and others ; avtory fotografiĭ I︠U︡.M. Buslenko and others ; redaktor N.S. Pavlovsʹka]. |
| 264 | 1 | |a Kyïv : |b "Mystet︠s︡tvo", |c 1984. | |
| 300 | |a 249 pages : |b illustrations (some color) ; |c 23 cm. | ||
| 336 | |a text |b txt |2 rdacontent | ||
| 337 | |a unmediated |b n |2 rdamedia | ||
| 338 | |a volume |b nc |2 rdacarrier | ||
| 500 | |a English, Russian, and Ukrainian. | ||
| 500 | |a Title on p. preceding title page: Kievo-Pecherskiĭ gosudarstvennyĭ istoriko-kulʹturnyĭ zapovednik; The State Historical and Cultural Museum of Kiev-Pechersk Lavra. | ||
| 610 | 2 | 0 | |a Kyi︠e︡vo-Pechersʹkyĭ derz︠h︡avnyĭ istoryko-kulʹturnyĭ zapovidnyk |v Guidebooks. |
| 650 | 0 | |a Christian art and symbolism |z Ukraine |z Kiev |v Guidebooks. | |
| 700 | 1 | |a Kibalʹnik, I︠U︡. D. |q (I︠U︡riĭ Demʹi︠a︡novich) | |
| 700 | 1 | |a Kilesso, S. K. |q (Sergeĭ Konstantinovich) | |
| 700 | 1 | |a Buslenko, I͡U. M. | |
| 700 | 1 | |a Pavlovskai︠a︡, N. S. | |
| 740 | 0 | |a Kievo-Pecherskiĭ gosudarstvennyĭ istoriko-kulʹturnyĭ zapovednik. | |
| 740 | 0 | |a State Historical and Cultural Museum of Kiev-Pechersk Lavra. | |
| 948 | |a cataloged |b h |c 2004/10/22 |d c |e tchubaryan |f 1:49:45 pm | ||
| 994 | |a E0 |b TXA | ||
| 999 | |a MARS | ||
| 999 | f | f | |s 9e4b0e1a-c277-3e35-bd7b-70302db78ca7 |i 58e426ee-c9cf-38a2-b811-bbba819c8562 |t 0 |
| 952 | f | f | |p normal |a Texas A&M University |b College Station |c Sterling C. Evans Library |d Evans: Library Stacks |t 0 |e N7823.S65 K544 1984 |h Library of Congress classification |i unmediated -- volume |m A14832281582 |
| 998 | f | f | |a N7823.S65 K544 1984 |t 0 |l Evans: Library Stacks |